000
00217 a2200097 4500
001
37800
100
_a
Hall D G E
245
_a
A history of southeast asia
260
_a
Malysia
_b
Macmillan
_c
090
_c
23992
_d
23992
942
_a
NUST-CAE
_c
M
_c
15549
999
_c
272873
_d
272873